000 00568nam a2200169 4500
999 _c171973
_d171973
005 20200124111643.0
010 _aENG-127541
020 _c500.00
_a9789389146134
035 _aEN-111073
037 _bDBAD/PUB
082 _a630.1
245 _aMitigation of Chemicals in Agriculture /
_cedited by G.S. Kannan, S.Ganesh [and] M.Sundaramari
260 _aMadurai
_bShanlax
_c2019
270 _a61,66,T.P.K Main Road,Vasantha Nagar
_bMadurai
_e625003
_mpublisher@shanlaxpublications.com
300 _a199p.
_c29cm(pnk)
942 _2ddc
_cEN
_h630.1
_mMIT